Skúsenosti z riešenia aktuálnej utečeneckej krízy na Záhorí v kontexte svetovej utečeneckej krízy po roku 2022

Migrácia je pohyb osôb, alebo skupín osôb v geografickom a sociálnom priestore, spojený s prechodnou, alebo trvalou zmenou miesta pobytu.

Saved in:
Bibliographic Details
Main Author: Oláh, Michal
Other Authors: Kimpanová, Lucia, Baláži, Ivan, Ondrušová, Zlatica, Buzalová, Szilvia
Format: Book Chapter
Language:Slovak
Subjects:
Tags: Add Tag
No Tags, Be the first to tag this record!

MARC

LEADER 00000naa$a2200000$$$4500
001 0298676
005 20240417075300.0
041 0 |a slo 
044 |a CZ 
245 1 0 |a Skúsenosti z riešenia aktuálnej utečeneckej krízy na Záhorí v kontexte svetovej utečeneckej krízy po roku 2022  |c Michal Oláh, Lucia Kimpanová, Ivan Baláži, Zlatica Ondrušová, Szilvia Buzalová 
520 |a Migrácia je pohyb osôb, alebo skupín osôb v geografickom a sociálnom priestore, spojený s prechodnou, alebo trvalou zmenou miesta pobytu. 
610 2 0 |a migrácia 
610 2 0 |a migrácia nelegálna 
610 2 0 |a utečenci 
610 2 0 |a vojny 
610 2 0 |a konflikty 
610 2 0 |a konflikty medzinárodné 
610 2 0 |a kríza 
610 2 0 |a kríza sociálna 
100 1 |a Oláh, Michal 
700 1 |a Kimpanová, Lucia 
700 1 |a Baláži, Ivan 
700 1 |a Ondrušová, Zlatica 
700 1 |a Buzalová, Szilvia